| 000 | 01197nam a22002777a 4500 | ||
|---|---|---|---|
| 003 | OSt | ||
| 005 | 20241028122529.0 | ||
| 007 | cr ||||||a|c|a | ||
| 008 | 220905s2020 mx a|||fom||| 001 0 spa d | ||
| 040 | _erda | ||
| 100 | 1 |
_9175514 _aValerio Robles, Miriam |
|
| 245 | 1 | 3 |
_aLa diversidad de fuentes de información para la difusión y adopción de prácticas agrícolas / _cpor Miriam Valerio Robles; director de tesis Roberto Rendón Medel. |
| 264 | 1 |
_aChapingo, México : _bEl autor, _c2020. |
|
| 300 |
_a1 recurso en línea (121 páginas). _bcuadros, figuras. |
||
| 336 |
_atexto _btxt _2rdacontent |
||
| 337 |
_acomputadora _bc _2rdamedia |
||
| 338 |
_arecurso en línea _bcr _2rdacarrier |
||
| 502 |
_bDCPEA _cCIESTAAM _d2020. _gDOC |
||
| 504 | _aIncluye referencias bibliográficas: páginas 9, 39, 53, 76 y 96. | ||
| 650 | 4 |
_9139358 _aAgricultura _x Innovaciones tecnológicas |
|
| 650 | 4 |
_9164946 _aAgricultura de conservación |
|
| 650 | 4 |
_971051 _aMaíz _xRendimiento |
|
| 700 | 1 |
_aRendón Medel, Roberto _eDirector de tesis. _995931 |
|
| 856 |
_uhttp://10.13.5.2/tesis/td/2020_CI_Valerio_Robles_Mirian.pdf _zDESCARGAR PDF |
||
| 942 |
_2Clasificación Universidad Autónoma Chapingo _cTD |
||
| 999 |
_c217646 _d217646 |
||